000
00254nam a2200109Ia 4500
005
20251222152606.0
008
251222s9999||||xx |||||||||||||| ||spa||
082
_a
985.25/V39
100
_a
Vega Díaz, Ismael
245
0
_a
Buscando el Río:
942
_c
LIB
999
_c
26777
_d
26777